Trompetas y cítaras en los códices de Beato de Liébana / (Registro nro. 132461)
[ vista simple ]
| 000 -LEADER | |
|---|---|
| campo de control de longitud fija | 00876nam a2200205 i 4500 |
| 001 - NÚMERO DE CONTROL | |
| campo de control | 132461 |
| 003 - IDENTIFICADOR DE NÚMERO DE CONTROL | |
| campo de control | ES-MaACL |
| 005 - FECHA Y HORA DE LA ÚLTIMA TRANSACCIÓN | |
| campo de control | 20231228210625.0 |
| 007 - CAMPO FIJO DE DESCRIPCIÓN FÍSICA--INFORMACIÓN GENERAL | |
| campo de control de longitud fija | t| |
| 008 - DATOS DE LONGITUD FIJA--INFORMACIÓN GENERAL | |
| campo de control de longitud fija | 070214s1977 sp r ||||1| spa d |
| 100 1# - ENTRADA PRINCIPAL--NOMBRE DE PERSONA | |
| Nombre de persona | Romero de Lecea, Carlos. |
| 9 (RLIN) | 99371 |
| 245 10 - MENCIÓN DEL TÍTULO | |
| Título | Trompetas y cítaras en los códices de Beato de Liébana / |
| Mención de responsabilidad, etc. | discurso leído por Carlos Romero de Lecea el día 1 de mayo de 1977, con motivo de su recepción ; y contestación del Excmo. Sr. D. Federico Sopeña Ibáñez. |
| 260 ## - PUBLICACIÓN, DISTRIBUCIÓN, ETC. | |
| Lugar de publicación, distribución, etc. | Madrid : |
| Nombre del editor, distribuidor, etc. | Real Academia de Bellas Artes de San Fernando, |
| Fecha de publicación, distribución, etc. | 1977. |
| 300 ## - DESCRIPCIÓN FÍSICA | |
| Extensión | 142 p., 1 lám. col. : |
| Otras características físicas | il. ; |
| Dimensiones | 25 cm. |
| 600 04 - PUNTO DE ACCESO ADICIONAL DE MATERIA--NOMBRE DE PERSONA | |
| Nombre de persona | Beato de Liébana |
| Títulos y otros términos asociados al nombre | Santo. |
| 9 (RLIN) | 156301 |
| 700 1# - ENTRADA AGREGADA--NOMBRE PERSONAL | |
| Nombre de persona | Sopeña Ibáñez, Federico, |
| Fechas asociadas al nombre | 1917-1991 |
| 9 (RLIN) | 107321 |
| 710 2# - ENTRADA AGREGADA--NOMBRE DE ENTIDAD CORPORATIVA | |
| Nombre de entidad corporativa o nombre de jurisdicción como elemento de entrada | Real Academia de Bellas Artes de San Fernando. |
| 9 (RLIN) | 6291 |
| 852 ## - LOCALIZACIÓN | |
| Ubicación | ES-MaACL |
| Número de control de estantería | A-7053 |
| Sublocalización o colección | R.95998 |
| Estatus retirado | Estado de pérdida | Estado de daño | No para préstamo | Biblioteca de origen | Biblioteca actual | Ubicación en estantería | Fecha de adquisición | Fuente de adquisición | Total de préstamos | Signatura topográfica completa | Código de barras | Visto por última vez | Precio de reemplazo | Tipo de ítem Koha |
|---|---|---|---|---|---|---|---|---|---|---|---|---|---|---|
| Biblioteca del Ateneo de Madrid | Biblioteca del Ateneo de Madrid | Sala Pecera Planta 1 | 17/01/2008 | A-7053 | 1137907 | 23/02/2023 | 23/02/2023 | Libro impreso |
